000
00312nam a2200121Ia 4500
008
240624s9999 xx 000 0 und d
041
_a
eng
082
_a
658.056754 FOR
100
_a
FORZA PACINO
245
_a
YOUTUBE YOURSELF A BON JOVI HALLELUJAH A
260
_c
2009
_a
Colorado
_b
Outskirts Press
365
_c
RS
999
_c
15929
_d
15929